| 000 | 00451nam a2200181 a 4500 | ||
|---|---|---|---|
| 003 | PILC | ||
| 005 | 20150903133100.0 | ||
| 008 | 040113s19uu xx 00 eng d | ||
| 020 | _a0099993805 | ||
| 050 |
_aPS 3557 _b.G869 1994 |
||
| 100 | _aGrisham, John | ||
| 245 |
_aThe Pelican brief / _cJohn Grisham. |
||
| 260 |
_aLondon : _bArrow Books, _c1994. |
||
| 300 |
_a436 pages ; _c18 cm. |
||
| 650 | _aFiction | ||
| 942 |
_cBK _2lcc |
||
| 999 |
_c20393 _d20393 |
||